[Event "ODJM A 2023"]
[Site "Willingen GER"]
[Date "2023.06.01"]
[Round "7"]
[White "Andresen, Marc"]
[Black "Zobel, Christian"]
[Result "0-1"]
[Termination "normal"]
[Board "29"]
[WhiteElo "1748"]
[BlackElo "1633"]
[WhiteClock "00:07:33"]
[BlackClock "00:01:08"]
[PlyCount "72"]
[WhiteFideId "16233719"]
[BlackFideId "16259068"]
[EventCountry "GER"]
[EventRounds "9"]
[EventType "swiss"]
[EventDate "2023.05.27"]

1. Nf3 {[%clk 01:30:57]} {[%emt 00:00:02]} b6 {[%clk 01:30:51]} {[%emt
00:00:11]} 2. c4 {[%clk 01:31:17]} {[%emt 00:00:10]} Bb7 {[%clk 01:31:15]}
{[%emt 00:00:05]} 3. g3 {[%clk 01:31:42]} {[%emt 00:00:05]} Bxf3 {[%clk
01:31:27]} {[%emt 00:00:19]} 4. exf3 {[%clk 01:32:06]} {[%emt 00:00:06]} c5
{[%clk 01:31:22]} {[%emt 00:00:35]} 5. Bg2 {[%clk 01:32:22]} {[%emt 00:00:13]}
Nc6 {[%clk 01:31:45]} {[%emt 00:00:08]} 6. O-O {[%clk 01:31:06]} {[%emt
00:01:46]} g6 {[%clk 01:31:19]} {[%emt 00:00:56]} 7. Nc3 {[%clk 01:30:10]}
{[%emt 00:01:26]} Bg7 {[%clk 01:30:30]} {[%emt 00:01:19]} 8. Rb1 {[%clk
01:20:46]} {[%emt 00:09:54]} e6 {[%clk 01:22:16]} {[%emt 00:08:44]} 9. a3
{[%clk 01:19:01]} {[%emt 00:02:15]} Nge7 {[%clk 01:20:04]} {[%emt 00:02:41]}
10. f4 {[%clk 01:12:15]} {[%emt 00:07:17]} O-O {[%clk 01:16:45]} {[%emt
00:03:48]} 11. b4 {[%clk 01:07:29]} {[%emt 00:05:17]} d5 {[%clk 01:03:48]}
{[%emt 00:13:27]} 12. bxc5 {[%clk 01:01:23]} {[%emt 00:06:36]} bxc5 {[%clk
01:03:02]} {[%emt 00:01:16]} 13. Qa4 {[%clk 00:55:39]} {[%emt 00:06:14]} Qd7
{[%clk 00:54:06]} {[%emt 00:09:26]} 14. Re1 {[%clk 00:50:05]} {[%emt 00:06:03]}
Rab8 {[%clk 00:47:42]} {[%emt 00:06:53]} 15. Bb2 {[%clk 00:42:15]} {[%emt
00:08:21]} Rb7 {[%clk 00:36:12]} {[%emt 00:12:00]} 16. Ba1 {[%clk 00:31:02]}
{[%emt 00:11:42]} Rfb8 {[%clk 00:29:08]} {[%emt 00:07:34]} 17. Rbc1 {[%clk
00:17:17]} {[%emt 00:14:15]} Bxc3 {[%clk 00:15:49]} {[%emt 00:13:49]} 18. Bxc3
{[%clk 00:16:57]} {[%emt 00:00:50]} d4 {[%clk 00:15:55]} {[%emt 00:00:23]} 19.
Ba1 {[%clk 00:15:57]} {[%emt 00:01:31]} Rb3 {[%clk 00:13:18]} {[%emt 00:03:07]}
20. Be4 {[%clk 00:16:10]} {[%emt 00:00:17]} Qb7 {[%clk 00:08:45]} {[%emt
00:05:02]} 21. Bc2 {[%clk 00:13:58]} {[%emt 00:02:43]} Rb6 {[%clk 00:09:09]}
{[%emt 00:00:06]} 22. Rb1 {[%clk 00:11:21]} {[%emt 00:03:07]} Rxb1 {[%clk
00:07:20]} {[%emt 00:02:18]} 23. Rxb1 {[%clk 00:11:47]} {[%emt 00:00:04]} Qxb1+
{[%clk 00:07:46]} {[%emt 00:00:04]} 24. Bxb1 {[%clk 00:12:14]} {[%emt
00:00:02]} Rxb1+ {[%clk 00:08:14]} {[%emt 00:00:03]} 25. Kg2 {[%clk 00:12:35]}
{[%emt 00:00:09]} Rxa1 {[%clk 00:08:38]} {[%emt 00:00:06]} 26. Qb3 {[%clk
00:13:03]} {[%emt 00:00:02]} e5 {[%clk 00:07:21]} {[%emt 00:01:47]} 27. fxe5
{[%clk 00:11:49]} {[%emt 00:01:44]} Re1 {[%clk 00:07:35]} {[%emt 00:00:16]} 28.
Qb5 {[%clk 00:05:50]} {[%emt 00:06:29]} Rxe5 {[%clk 00:07:40]} {[%emt
00:00:24]} 29. Kf1 {[%clk 00:06:18]} {[%emt 00:00:02]} Kg7 {[%clk 00:06:48]}
{[%emt 00:01:22]} 30. f4 {[%clk 00:06:41]} {[%emt 00:00:06]} Re6 {[%clk
00:05:26]} {[%emt 00:01:52]} 31. Qxc5 {[%clk 00:07:03]} {[%emt 00:00:08]} Ng8
{[%clk 00:01:49]} {[%emt 00:04:07]} 32. g4 {[%clk 00:06:01]} {[%emt 00:01:33]}
Rf6 {[%clk 00:01:01]} {[%emt 00:01:19]} 33. Kg2 {[%clk 00:06:23]} {[%emt
00:00:07]} Nge7 {[%clk 00:00:53]} {[%emt 00:00:38]} 34. Kg3 {[%clk 00:06:47]}
{[%emt 00:00:06]} Re6 {[%clk 00:00:51]} {[%emt 00:00:32]} 35. Kf3 {[%clk
00:07:12]} {[%emt 00:00:05]} d3 {[%clk 00:00:42]} {[%emt 00:00:39]} 36. Qb5
{[%clk 00:07:33]} {[%emt 00:00:09]} Nd4+ {[%clk 00:01:08]} {[%emt 00:00:04]}
0-1

[Event "ODJM A 2023"]
[Site "Willingen GER"]
[Date "2023.06.01"]
[Round "7"]
[White "Schwarz, David"]
[Black "Hahn, Peter"]
[Result "1-0"]
[Termination "normal"]
[Board "30"]
[WhiteElo "1431"]
[BlackElo "1814"]
[WhiteClock "01:10:10"]
[BlackClock "00:54:39"]
[PlyCount "39"]
[WhiteFideId "16287614"]
[BlackFideId "34627316"]
[EventCountry "GER"]
[EventRounds "9"]
[EventType "swiss"]
[EventDate "2023.05.27"]

1. e4 {[%clk 01:30:58]} {[%emt 00:00:02]} e6 {[%clk 01:30:56]} {[%emt
00:00:04]} 2. Nc3 {[%clk 01:31:25]} {[%emt 00:00:03]} d5 {[%clk 01:31:22]}
{[%emt 00:00:05]} 3. Nf3 {[%clk 01:31:53]} {[%emt 00:00:02]} Nf6 {[%clk
01:31:25]} {[%emt 00:00:27]} 4. e5 {[%clk 01:32:19]} {[%emt 00:00:04]} Nfd7
{[%clk 01:31:49]} {[%emt 00:00:05]} 5. d4 {[%clk 01:32:45]} {[%emt 00:00:03]}
c5 {[%clk 01:32:08]} {[%emt 00:00:11]} 6. Bf4 {[%clk 01:32:41]} {[%emt
00:00:34]} Nc6 {[%clk 01:31:58]} {[%emt 00:00:40]} 7. dxc5 {[%clk 01:33:03]}
{[%emt 00:00:09]} Bxc5 {[%clk 01:32:05]} {[%emt 00:00:23]} 8. Bd3 {[%clk
01:33:26]} {[%emt 00:00:06]} h6 {[%clk 01:28:48]} {[%emt 00:03:47]} 9. O-O
{[%clk 01:32:18]} {[%emt 00:01:38]} g5 {[%clk 01:26:17]} {[%emt 00:03:01]} 10.
Bg3 {[%clk 01:29:08]} {[%emt 00:03:40]} h5 {[%clk 01:25:15]} {[%emt 00:01:32]}
11. h3 {[%clk 01:23:16]} {[%emt 00:06:22]} g4 {[%clk 01:17:42]} {[%emt
00:08:04]} 12. hxg4 {[%clk 01:23:19]} {[%emt 00:00:27]} hxg4 {[%clk 01:18:08]}
{[%emt 00:00:04]} 13. Nh2 {[%clk 01:23:44]} {[%emt 00:00:05]} Ndxe5 {[%clk
01:18:03]} {[%emt 00:00:34]} 14. Re1 {[%clk 01:23:43]} {[%emt 00:00:31]} Qg5
{[%clk 01:03:48]} {[%emt 00:14:45]} 15. Bb5 {[%clk 01:20:44]} {[%emt 00:03:29]}
Kd8 {[%clk 00:57:26]} {[%emt 00:06:52]} 16. Nxd5 {[%clk 01:15:42]} {[%emt
00:05:32]} Nd3 {[%clk 00:55:56]} {[%emt 00:02:00]} 17. Nc7 {[%clk 01:11:50]}
{[%emt 00:04:22]} Bxf2+ {[%clk 00:55:41]} {[%emt 00:00:45]} 18. Bxf2 {[%clk
01:12:06]} {[%emt 00:00:14]} Kxc7 {[%clk 00:56:06]} {[%emt 00:00:05]} 19. Qxd3
{[%clk 01:12:16]} {[%emt 00:00:20]} Bd7 {[%clk 00:54:39]} {[%emt 00:01:58]} 20.
Bg3+ {[%clk 01:10:10]} {[%emt 00:02:36]} 1-0

[Event "ODJM A 2023"]
[Site "Willingen GER"]
[Date "2023.06.01"]
[Round "7"]
[White "Seitz, Manuel"]
[Black "Albayrak, Berrak"]
[Result "1-0"]
[Termination "normal"]
[Board "31"]
[WhiteElo "1791"]
[BlackElo "1664"]
[WhiteClock "00:20:13"]
[BlackClock "00:15:23"]
[PlyCount "103"]
[WhiteFideId "16215770"]
[BlackFideId "16241657"]
[EventCountry "GER"]
[EventRounds "9"]
[EventType "swiss"]
[EventDate "2023.05.27"]

1. e4 {[%clk 01:30:56]} {[%emt 00:00:02]} d6 {[%clk 01:30:54]} {[%emt
00:00:06]} 2. d4 {[%clk 01:31:02]} {[%emt 00:00:24]} g6 {[%clk 01:31:00]}
{[%emt 00:00:24]} 3. Nc3 {[%clk 01:30:35]} {[%emt 00:00:57]} Bg7 {[%clk
01:30:23]} {[%emt 00:01:08]} 4. f4 {[%clk 01:29:19]} {[%emt 00:01:45]} Nf6
{[%clk 01:27:36]} {[%emt 00:03:17]} 5. Nf3 {[%clk 01:28:18]} {[%emt 00:01:31]}
O-O {[%clk 01:26:06]} {[%emt 00:02:01]} 6. Bd3 {[%clk 01:26:59]} {[%emt
00:01:48]} c5 {[%clk 01:25:59]} {[%emt 00:00:37]} 7. dxc5 {[%clk 01:25:01]}
{[%emt 00:02:28]} dxc5 {[%clk 01:26:23]} {[%emt 00:00:06]} 8. e5 {[%clk
01:24:27]} {[%emt 00:01:04]} Nd5 {[%clk 01:12:15]} {[%emt 00:14:38]} 9. Nxd5
{[%clk 01:23:23]} {[%emt 00:01:34]} Qxd5 {[%clk 01:12:05]} {[%emt 00:00:40]}
10. Qe2 {[%clk 01:20:23]} {[%emt 00:03:30]} Nc6 {[%clk 01:01:45]} {[%emt
00:10:50]} 11. Be4 {[%clk 01:14:23]} {[%emt 00:06:29]} Qd8 {[%clk 00:57:09]}
{[%emt 00:05:06]} 12. Be3 {[%clk 01:12:04]} {[%emt 00:02:49]} Nd4 {[%clk
00:48:54]} {[%emt 00:08:45]} 13. Nxd4 {[%clk 01:00:08]} {[%emt 00:12:26]} cxd4
{[%clk 00:49:14]} {[%emt 00:00:10]} 14. Bf2 {[%clk 00:58:03]} {[%emt 00:02:35]}
Qa5+ {[%clk 00:47:32]} {[%emt 00:02:12]} 15. Qd2 {[%clk 00:56:19]} {[%emt
00:02:14]} Qxd2+ {[%clk 00:45:25]} {[%emt 00:02:38]} 16. Kxd2 {[%clk 00:54:32]}
{[%emt 00:02:17]} Rd8 {[%clk 00:45:09]} {[%emt 00:00:46]} 17. Rad1 {[%clk
00:49:43]} {[%emt 00:05:18]} f6 {[%clk 00:43:49]} {[%emt 00:01:51]} 18. exf6
{[%clk 00:46:03]} {[%emt 00:04:10]} Bxf6 {[%clk 00:41:52]} {[%emt 00:02:27]}
19. Kc1 {[%clk 00:44:03]} {[%emt 00:02:30]} Rb8 {[%clk 00:21:20]} {[%emt
00:21:03]} 20. h3 {[%clk 00:40:15]} {[%emt 00:04:17]} Be6 {[%clk 00:19:29]}
{[%emt 00:02:21]} 21. Rd2 {[%clk 00:35:11]} {[%emt 00:05:34]} Rd7 {[%clk
00:18:07]} {[%emt 00:01:53]} 22. Rhd1 {[%clk 00:34:14]} {[%emt 00:01:26]} Rc8
{[%clk 00:15:24]} {[%emt 00:03:14]} 23. b3 {[%clk 00:25:56]} {[%emt 00:08:48]}
Rdc7 {[%clk 00:12:26]} {[%emt 00:03:28]} 24. Bxd4 {[%clk 00:23:31]} {[%emt
00:02:55]} b6 {[%clk 00:08:42]} {[%emt 00:04:14]} 25. Bxf6 {[%clk 00:20:35]}
{[%emt 00:03:26]} exf6 {[%clk 00:09:07]} {[%emt 00:00:05]} 26. Rd8+ {[%clk
00:19:18]} {[%emt 00:01:46]} Rxd8 {[%clk 00:09:12]} {[%emt 00:00:26]} 27. Rxd8+
{[%clk 00:19:45]} {[%emt 00:00:03]} Kf7 {[%clk 00:08:54]} {[%emt 00:00:48]} 28.
Rd4 {[%clk 00:15:12]} {[%emt 00:05:03]} Rc3 {[%clk 00:04:28]} {[%emt 00:04:57]}
29. Kd2 {[%clk 00:13:19]} {[%emt 00:02:23]} Rc5 {[%clk 00:04:04]} {[%emt
00:00:54]} 30. Kd3 {[%clk 00:12:04]} {[%emt 00:01:44]} Ke7 {[%clk 00:03:45]}
{[%emt 00:00:48]} 31. a4 {[%clk 00:10:22]} {[%emt 00:02:12]} a5 {[%clk
00:03:05]} {[%emt 00:01:11]} 32. b4 {[%clk 00:08:46]} {[%emt 00:02:06]} Rc7
{[%clk 00:02:16]} {[%emt 00:01:19]} 33. c3 {[%clk 00:06:44]} {[%emt 00:02:32]}
Bb3 {[%clk 00:01:55]} {[%emt 00:00:50]} 34. bxa5 {[%clk 00:05:49]} {[%emt
00:01:25]} bxa5 {[%clk 00:02:19]} {[%emt 00:00:06]} 35. Bd5 {[%clk 00:05:41]}
{[%emt 00:00:38]} Bxd5 {[%clk 00:01:38]} {[%emt 00:01:11]} 36. Rxd5 {[%clk
00:06:08]} {[%emt 00:00:02]} Ra7 {[%clk 00:02:02]} {[%emt 00:00:06]} 37. Kc4
{[%clk 00:04:29]} {[%emt 00:02:09]} Rc7+ {[%clk 00:01:49]} {[%emt 00:00:43]}
38. Rc5 {[%clk 00:04:01]} {[%emt 00:00:57]} Ra7 {[%clk 00:01:21]} {[%emt
00:00:58]} 39. Kb5 {[%clk 00:04:01]} {[%emt 00:00:30]} Kd6 {[%clk 00:01:22]}
{[%emt 00:00:29]} 40. Rc6+ {[%clk 00:03:51]} {[%emt 00:00:40]} Kd5 {[%clk
00:00:51]} {[%emt 00:01:01]} 41. Rxf6 {[%clk 00:01:18]} {[%emt 00:03:02]} Rb7+
{[%clk 00:25:05]} {[%emt 00:06:17]} 42. Rb6 {[%clk 00:29:26]} {[%emt 00:02:22]}
Rc7 {[%clk 00:24:46]} {[%emt 00:00:49]} 43. Kxa5 {[%clk 00:27:01]} {[%emt
00:02:55]} Rxc3 {[%clk 00:24:02]} {[%emt 00:01:14]} 44. Ka6 {[%clk 00:23:12]}
{[%emt 00:04:18]} Rg3 {[%clk 00:19:46]} {[%emt 00:04:46]} 45. Rb2 {[%clk
00:20:16]} {[%emt 00:03:26]} Ke4 {[%clk 00:19:36]} {[%emt 00:00:40]} 46. a5
{[%clk 00:20:11]} {[%emt 00:00:35]} Rd3 {[%clk 00:18:02]} {[%emt 00:02:04]} 47.
Ka7 {[%clk 00:19:12]} {[%emt 00:01:29]} Ke3 {[%clk 00:17:15]} {[%emt 00:01:18]}
48. a6 {[%clk 00:18:57]} {[%emt 00:00:45]} Rd2 {[%clk 00:17:10]} {[%emt
00:00:34]} 49. Rxd2 {[%clk 00:19:13]} {[%emt 00:00:14]} Kxd2 {[%clk 00:17:36]}
{[%emt 00:00:04]} 50. Kb7 {[%clk 00:19:33]} {[%emt 00:00:10]} Ke3 {[%clk
00:17:59]} {[%emt 00:00:08]} 51. a7 {[%clk 00:19:55]} {[%emt 00:00:08]} Kxf4
{[%clk 00:15:23]} {[%emt 00:03:06]} 52. a8=Q {[%clk 00:20:13]} {[%emt
00:00:12]} *

[Event "ODJM A 2023"]
[Site "Willingen GER"]
[Date "2023.06.03"]
[Round "9"]
[White "Yelisieiev, Yevhenii"]
[Black "Stemmler, Fabian"]
[Result "1-0"]
[Termination "normal"]
[Board "1"]
[WhiteTitle "IM"]
[WhiteElo "2418"]
[BlackElo "2084"]
[WhiteClock "00:17:00"]
[BlackClock "00:02:32"]
[PlyCount "141"]
[WhiteFideId "14139642"]
[BlackFideId "12964808"]
[EventCountry "GER"]
[EventRounds "9"]
[EventType "swiss"]
[EventDate "2023.05.27"]

1. Nf3 {[%clk 01:30:56]} {[%emt 00:00:02]} Nf6 {[%clk 01:30:53]} {[%emt
00:00:07]} 2. d4 {[%clk 01:30:50]} {[%emt 00:00:37]} g6 {[%clk 01:31:13]}
{[%emt 00:00:11]} 3. g3 {[%clk 01:31:10]} {[%emt 00:00:09]} Bg7 {[%clk
01:31:33]} {[%emt 00:00:10]} 4. Bg2 {[%clk 01:31:28]} {[%emt 00:00:12]} O-O
{[%clk 01:31:40]} {[%emt 00:00:22]} 5. O-O {[%clk 01:31:54]} {[%emt 00:00:05]}
d6 {[%clk 01:32:03]} {[%emt 00:00:07]} 6. b3 {[%clk 01:31:42]} {[%emt
00:00:42]} e5 {[%clk 01:31:35]} {[%emt 00:00:58]} 7. dxe5 {[%clk 01:31:40]}
{[%emt 00:00:33]} dxe5 {[%clk 01:31:58]} {[%emt 00:00:06]} 8. Ba3 {[%clk
01:30:57]} {[%emt 00:01:13]} e4 {[%clk 01:32:11]} {[%emt 00:00:17]} 9. Bxf8
{[%clk 01:25:45]} {[%emt 00:05:42]} Qxf8 {[%clk 01:32:35]} {[%emt 00:00:06]}
10. Nd4 {[%clk 01:23:09]} {[%emt 00:03:05]} e3 {[%clk 01:32:07]} {[%emt
00:00:57]} 11. f3 {[%clk 01:14:16]} {[%emt 00:09:23]} Nd5 {[%clk 01:31:20]}
{[%emt 00:01:18]} 12. c3 {[%clk 01:08:50]} {[%emt 00:05:56]} Nc6 {[%clk
01:29:44]} {[%emt 00:02:06]} 13. f4 {[%clk 00:46:00]} {[%emt 00:23:21]} Nxd4
{[%clk 01:21:31]} {[%emt 00:08:42]} 14. cxd4 {[%clk 00:40:41]} {[%emt
00:05:49]} Qd6 {[%clk 00:54:51]} {[%emt 00:27:10]} 15. Na3 {[%clk 00:30:22]}
{[%emt 00:10:49]} Nc3 {[%clk 00:36:38]} {[%emt 00:18:42]} 16. Nc4 {[%clk
00:30:11]} {[%emt 00:00:41]} Qxd4 {[%clk 00:36:51]} {[%emt 00:00:17]} 17. Qxd4
{[%clk 00:29:56]} {[%emt 00:00:45]} Bxd4 {[%clk 00:32:51]} {[%emt 00:04:30]}
18. Bf3 {[%clk 00:28:01]} {[%emt 00:02:25]} h5 {[%clk 00:25:46]} {[%emt
00:07:35]} 19. Kg2 {[%clk 00:27:56]} {[%emt 00:00:36]} Rb8 {[%clk 00:20:48]}
{[%emt 00:05:28]} 20. h3 {[%clk 00:23:38]} {[%emt 00:04:47]} Be6 {[%clk
00:17:08]} {[%emt 00:04:10]} 21. g4 {[%clk 00:21:19]} {[%emt 00:02:50]} hxg4
{[%clk 00:16:19]} {[%emt 00:01:19]} 22. Bxg4 {[%clk 00:18:36]} {[%emt
00:03:13]} Bd5+ {[%clk 00:12:06]} {[%emt 00:04:43]} 23. Bf3 {[%clk 00:19:04]}
{[%emt 00:00:02]} Nxe2 {[%clk 00:08:43]} {[%emt 00:03:53]} 24. Bxd5 {[%clk
00:17:14]} {[%emt 00:02:20]} Bxa1 {[%clk 00:09:10]} {[%emt 00:00:03]} 25. Bf3
{[%clk 00:13:16]} {[%emt 00:04:28]} Nxf4+ {[%clk 00:07:41]} {[%emt 00:01:58]}
26. Kg3 {[%clk 00:13:35]} {[%emt 00:00:11]} e2 {[%clk 00:04:15]} {[%emt
00:03:56]} 27. Rxa1 {[%clk 00:13:36]} {[%emt 00:00:29]} Re8 {[%clk 00:04:40]}
{[%emt 00:00:05]} 28. Re1 {[%clk 00:13:04]} {[%emt 00:01:03]} Nd3 {[%clk
00:05:00]} {[%emt 00:00:10]} 29. Rxe2 {[%clk 00:13:12]} {[%emt 00:00:22]} Rxe2
{[%clk 00:05:23]} {[%emt 00:00:07]} 30. Bxe2 {[%clk 00:13:39]} {[%emt
00:00:03]} Nc1 {[%clk 00:05:46]} {[%emt 00:00:07]} 31. Bf3 {[%clk 00:13:30]}
{[%emt 00:00:39]} b6 {[%clk 00:03:38]} {[%emt 00:02:38]} 32. Ne5 {[%clk
00:09:34]} {[%emt 00:04:26]} Nxa2 {[%clk 00:01:53]} {[%emt 00:02:16]} 33. Nc6
{[%clk 00:09:56]} {[%emt 00:00:08]} a5 {[%clk 00:01:22]} {[%emt 00:01:01]} 34.
Ne7+ {[%clk 00:10:22]} {[%emt 00:00:04]} Kf8 {[%clk 00:01:12]} {[%emt
00:00:41]} 35. Nd5 {[%clk 00:10:48]} {[%emt 00:00:03]} b5 {[%clk 00:00:54]}
{[%emt 00:00:48]} 36. Nxc7 {[%clk 00:10:09]} {[%emt 00:01:09]} a4 {[%clk
00:01:21]} {[%emt 00:00:03]} 37. bxa4 {[%clk 00:09:52]} {[%emt 00:00:47]} bxa4
{[%clk 00:01:49]} {[%emt 00:00:02]} 38. Nb5 {[%clk 00:09:57]} {[%emt 00:00:25]}
Kg7 {[%clk 00:01:03]} {[%emt 00:01:15]} 39. Bd1 {[%clk 00:09:32]} {[%emt
00:00:55]} a3 {[%clk 00:01:06]} {[%emt 00:00:27]} 40. Nxa3 {[%clk 00:09:51]}
{[%emt 00:00:11]} Nc3 {[%clk 00:01:30]} {[%emt 00:00:07]} 41. Bf3 {[%clk
00:09:55]} {[%emt 00:00:25]} g5 {[%clk 00:22:29]} {[%emt 00:09:31]} 42. Kf2
{[%clk 00:37:20]} {[%emt 00:03:05]} f5 {[%clk 00:15:58]} {[%emt 00:07:01]} 43.
Bc6 {[%clk 00:37:22]} {[%emt 00:00:28]} g4 {[%clk 00:07:03]} {[%emt 00:09:25]}
44. h4 {[%clk 00:32:05]} {[%emt 00:05:48]} Kh6 {[%clk 00:06:27]} {[%emt
00:01:06]} 45. Be8 {[%clk 00:30:57]} {[%emt 00:01:38]} f4 {[%clk 00:04:13]}
{[%emt 00:02:44]} 46. Nc4 {[%clk 00:30:04]} {[%emt 00:01:23]} Ne4+ {[%clk
00:03:17]} {[%emt 00:01:26]} 47. Kg1 {[%clk 00:29:30]} {[%emt 00:01:03]} Nf6
{[%clk 00:02:11]} {[%emt 00:01:37]} 48. Bf7 {[%clk 00:29:41]} {[%emt 00:00:18]}
Kg7 {[%clk 00:01:57]} {[%emt 00:00:45]} 49. Ne5 {[%clk 00:29:12]} {[%emt
00:01:00]} Kh6 {[%clk 00:01:00]} {[%emt 00:01:26]} 50. Kh2 {[%clk 00:25:24]}
{[%emt 00:04:19]} Kg7 {[%clk 00:01:12]} {[%emt 00:00:18]} 51. Be6 {[%clk
00:25:26]} {[%emt 00:00:27]} g3+ {[%clk 00:00:45]} {[%emt 00:00:57]} 52. Kg2
{[%clk 00:22:17]} {[%emt 00:03:39]} Ne4 {[%clk 00:00:33]} {[%emt 00:00:43]} 53.
Nd3 {[%clk 00:22:14]} {[%emt 00:00:33]} Kf6 {[%clk 00:00:32]} {[%emt 00:00:31]}
54. Bd7 {[%clk 00:20:21]} {[%emt 00:02:22]} Ke7 {[%clk 00:00:33]} {[%emt
00:00:29]} 55. Bh3 {[%clk 00:18:07]} {[%emt 00:02:44]} Kf6 {[%clk 00:00:44]}
{[%emt 00:00:20]} 56. Nxf4 {[%clk 00:18:26]} {[%emt 00:00:11]} Ke5 {[%clk
00:01:10]} {[%emt 00:00:04]} 57. Ne2 {[%clk 00:18:28]} {[%emt 00:00:27]} Nf6
{[%clk 00:00:49]} {[%emt 00:00:51]} 58. Kxg3 {[%clk 00:17:36]} {[%emt
00:01:22]} Ne4+ {[%clk 00:00:44]} {[%emt 00:00:36]} 59. Kf3 {[%clk 00:17:13]}
{[%emt 00:00:52]} Nf6 {[%clk 00:00:55]} {[%emt 00:00:20]} 60. Ng3 {[%clk
00:16:53]} {[%emt 00:00:50]} Nd5 {[%clk 00:01:01]} {[%emt 00:00:23]} 61. Bf5
{[%clk 00:16:46]} {[%emt 00:00:36]} Kf6 {[%clk 00:01:13]} {[%emt 00:00:19]} 62.
Be4 {[%clk 00:17:06]} {[%emt 00:00:10]} Ne7 {[%clk 00:01:39]} {[%emt 00:00:05]}
63. Kf4 {[%clk 00:17:27]} {[%emt 00:00:09]} Kg7 {[%clk 00:02:00]} {[%emt
00:00:09]} 64. Kg5 {[%clk 00:17:35]} {[%emt 00:00:20]} Kf8 {[%clk 00:01:51]}
{[%emt 00:00:39]} 65. h5 {[%clk 00:17:25]} {[%emt 00:00:41]} Kg7 {[%clk
00:01:24]} {[%emt 00:00:57]} 66. Nf1 {[%clk 00:17:29]} {[%emt 00:00:26]} Ng8
{[%clk 00:01:19]} {[%emt 00:00:35]} 67. Ne3 {[%clk 00:17:27]} {[%emt 00:00:31]}
Nh6 {[%clk 00:01:46]} {[%emt 00:00:03]} 68. Bg6 {[%clk 00:16:33]} {[%emt
00:01:25]} Ng8 {[%clk 00:02:05]} {[%emt 00:00:10]} 69. Nf5+ {[%clk 00:16:49]}
{[%emt 00:00:14]} Kh8 {[%clk 00:02:33]} {[%emt 00:00:02]} 70. Bf7 {[%clk
00:16:37]} {[%emt 00:00:42]} Nh6 {[%clk 00:02:32]} {[%emt 00:00:31]} 71. Nxh6
{[%clk 00:17:00]} {[%emt 00:00:07]} 1-0